00387nam a2200133Ia 4500008004100000020001500041041000800056082001700064100003300081245003600114260004800150300001000198500004500208230926s9999 xx 000 0 und d a812190501X aeng a621.815/KHU/ aKhurmi, R. S. & Gupta, J. K. aA Text book of Machine Design  bS. chand company Pvt. Ltd., New Delhic1996 a921P. aDoneted by Mr. Tarun Shrivastava, Nagpur